000 00600cam a2200229 a 4500
001 2438110
005 20180302080743.0
008 880927s1989 ohu b 001 0 eng
010 _a 88027941
020 _a0898793467 :
_c$16.95
040 _aDLC
_cDLC
_dDLC
041 _aeng
080 _a808.3
082 0 0 _a808.3 HAL
_219
100 1 _a21
101 _aGJL
245 1 4 _aThe art & craft of novel writing /
_cOakley Hall.
504 _aBibliography: p. 202-206.
740 0 _aArt and craft of novel writing.
906 _a7
_bcbc
_corignew
_d1
_eocip
_f19
_gy-gencatlg
942 _2ddc
_cBK
999 _c44058
_d44058